000 00739nam a2200289Ia 4500
005 20260324120006.0
008 008 260324s9999 xx 000 0 eng d
020 _a9781315866833
037 _aEBOOK
040 _aCRL
040 _beng
040 _cCRL
041 _2eng
041 _aeng
084 _qCRL
100 _aWilliam S. Armour; Ikuko Nakane; Emi Otsuji
_91156802
245 0 _aLanguages and Identities in a Transitional Japan
245 0 _bFrom Internationalization to Globalization
260 _bTaylor and Francis
260 _c2015
365 _a
365 _b255
856 _uhttp://www.taylorfrancis.com/books/9781315866833
942 _cEBOOK
999 _c1748084
_d1748084